The World's most Southern - Statistics

General Stats
  • This quiz has been taken 24 times
  • The average score is 5 of 15
Answer Stats
The most Southern... Answer % Correct
Capital (Independent) Wellington
96%
Island > 100,000 km² South Island
78%
City > 1,000,000 People Melbourne
74%
City > 10,000,000 People Buenos Aires
70%
City > 250,000 People Christchurch
57%
Island > 10,000 km² (excluding Antarctica) Isla Grande de Tierra del Fuego
30%
City > 100,000 People Punta Arenas
26%
City > 50,000 People Ushuaia
22%
Island Roosevelt Island
9%
Permanent Settlement Amundsen
4%
City > 500,000 People Mar del Plata
4%
City > 1,000 People Puerto Williams
4%
Body of Water Bay of Whales
0%
Land (excluding Antarctica) Thule Island
0%
Island (excluding Antarctica) Thule Island
0%
No matching quizzes found
Score Distribution
Percent of People with Each Score
Percentile by Number Answered
Your Score History
You have not taken this quiz